Science Quiz

Random Science or Chemistry Quiz

Semester 2 Chemistry Final Quiz Stats

 Plays Quiz not verified by Sporcle

Score 0/58 Timer 20:00
0 Plays Today
% Correct
cool
65%
14
61.6%
2
61.5%
salt
61%
Double Replacement
60.5%
Flame Test
60.2%
5
59.4%
8
58.9%
Synthesis
58.5%
7
58.1%
activation energy
57.7%
Decomposition
57.7%
catalyst
57.5%
Single Replacement
57.4%
below 7
56.5%
10^-pH
56.4%
donate
54.7%
Electronegativity
54.6%
atomic number
54.3%
absorbs heat
54.1%
release heat
54.1%
polar
54.1%
Combustion
54.1%
9
54%
reverse reaction rate
53.7%
non polar
53.7%
3
53.6%
constant
53.4%
metals and non metals
53%
% Correct
Ionization Energy
52.9%
above 7
52.2%
Atomic Radius
51.6%
share
51.5%
H
51.3%
log
51.2%
reactant
50.8%
product
50.6%
less gas
50.5%
nonmetals
49.5%
valence electrons
49.2%
triple bond
48.5%
Ionic
48.2%
different
48.1%
double bond
48.1%
single bond
48.1%
C and H
47.5%
1
47%
endothermic
46.8%
OH
46.6%
more gas
46%
left
45.7%
exothermic
45.4%
right
45.4%
away from heat
45.3%
towards heat
40.6%
Low
39.1%
High
38.1%
period
37.8%

You're not logged in!

Compare scores with friends on all Sporcle quizzes.
OR
Log In

Show Comments

Extras

Top Quizzes Today


Score Distribution

Your Account Isn't Verified!

In order to create a playlist on Sporcle, you need to verify the email address you used during registration. Go to your Sporcle Settings to finish the process.

Report this User

Report this user for behavior that violates our Community Guidelines.

Details: